| 000 | 00754nam a2200253Ia 4500 | ||
|---|---|---|---|
| 003 | OSt | ||
| 005 | 20220925215316.0 | ||
| 006 | a|||||r|||| 00| 0 | ||
| 007 | ta | ||
| 008 | 220923b |||||||| |||| 00| 0 eng d | ||
| 020 | _a0 435 34510 9 | ||
| 037 | _cGeneral Book | ||
| 040 |
_aRTL _cRTL _beng |
||
| 041 |
_2eng _aeng |
||
| 082 | _aU.8.N7, L2 | ||
| 100 |
_aLearmonth Nancy _9282554 |
||
| 245 | 0 |
_aRegional landscapes of Australia _b Form Function an |
|
| 260 |
_aLondon _bHeinemann UK _c1972 |
||
| 300 |
_a493p. Appendix p. 427-93 _ccm. |
||
| 650 |
_aGeography- America _9244788 |
||
| 700 |
_a Learmonth Andrew _9282555 |
||
| 942 |
_hU.8.N7, L2 _cGB _2CC |
||
| 999 |
_c568449 _d568449 |
||